| 000 | 00601nam a2200169Ia 4500 | ||
|---|---|---|---|
| 008 | 090711s9999 xx 000 0 und d | ||
| 082 | _b35745 | ||
| 100 | _aकुलकर्णी व्ही. एस. | ||
| 245 | _aमुंबई सावकार अधिनियम | ||
| 260 | _c1975 | ||
| 300 | _a87 | ||
| 600 | _aकुलकर्णी व्ही. एस. | ||
| 630 | _aमुंबई सावकार अधिनियम | ||
| 700 | _aकुलकर्णी व्ही. एस. | ||
| 730 | _aमुंबई सावकार अधिनियम | ||
| 942 | _cBOOK | ||
| 999 |
_c312978 _d312978 |
||